| 000 | 00880nam a2200349Ia 4500 | ||
|---|---|---|---|
| 005 | 20260514124424.0 | ||
| 008 | 008 261405s9999 xx 000 0 eng d | ||
| 037 | _aThesis | ||
| 040 | _aCRL | ||
| 040 | _beng | ||
| 040 | _cCRL | ||
| 041 | _2eng | ||
| 041 | _aeng | ||
| 084 | _qCRL | ||
| 100 |
_aGoswami Dr.Rajat _91239950 |
||
| 245 | 0 | _aStudy of Viral Etiology and Clinical Course in Children Admitted with Acute Bronchiolitis. | |
| 260 | _aDelhi | ||
| 260 | _bUniversity of Delhi | ||
| 260 | _c2015 | ||
| 300 | _a79p. | ||
| 502 | _bPh.D. | ||
| 502 | _cUniversity of Delhi | ||
| 502 | _d2015 | ||
| 541 | _oThesis | ||
| 650 |
_aPediatrics _91239905 |
||
| 700 |
_aDr.Shalu Gupta, _91239951 |
||
| 700 |
_aDr.Shashi Khare _91239952 |
||
| 700 |
_aDr.Varinder Singh _91239666 |
||
| 710 | _aPediatrics | ||
| 942 | _cTH | ||
| 999 |
_c1851860 _d1851860 |
||